ਮਨ ਅੰਤਰ ਕੀ ਪੀੜ / (Record no. 109929)

MARC details
000 -LEADER
fixed length control field 00942nam a22002537a 4500
005 - DATE AND TIME OF LATEST TRANSACTION
control field 20170123164145.0
010 ## - LIBRARY OF CONGRESS CONTROL NUMBER
LC control number A-978242
020 ## - INTERNATIONAL STANDARD BOOK NUMBER
Terms of availability 100.00
International Standard Book Number 8187654554
035 ## - SYSTEM CONTROL NUMBER
System control number A-978242
037 ## - SOURCE OF ACQUISITION
Source of stock number/acquisition Cen Lib/Ret
040 ## - CATALOGING SOURCE
Original cataloging agency DPL
Language of cataloging PN
082 ## - DEWEY DECIMAL CLASSIFICATION NUMBER
Classification number
Item number ਚਾਵਲਾ
100 ## - MAIN ENTRY--PERSONAL NAME
Personal name ਚਾਵਲਾ, ਪ੍ਰੀਤਮ
9 (RLIN) 141950
245 ## - TITLE STATEMENT
Title ਮਨ ਅੰਤਰ ਕੀ ਪੀੜ /
Statement of responsibility, etc ਪ੍ਰੀਤਮ ਚਾਵਲਾ
246 ## - VARYING FORM OF TITLE
Title proper/short title Man antar ki peerh /
Remainder of title by Pritam Chawla
260 ## - PUBLICATION, DISTRIBUTION, ETC. (IMPRINT)
Place of publication, distribution, etc ਦਿੱਲੀ
Name of publisher, distributor, etc ਮਨਪ੍ਰੀਤ ਪ੍ਰਕਾਸ਼ਨ
Date of publication, distribution, etc 2000
270 ## - ADDRESS
Address 16/16 1st floor, ਗੀਤਾ ਕਾਲੋਨੀ
City ਦਿੱਲੀ
300 ## - PHYSICAL DESCRIPTION
Extent 88p ;
Dimensions 20cm
650 ## - SUBJECT ADDED ENTRY--TOPICAL TERM
Topical term or geographic name as entry element ਪੰਜਾਬੀ ਕਹਾਣੀਆਂ
9 (RLIN) 141951
650 ## - SUBJECT ADDED ENTRY--TOPICAL TERM
Topical term or geographic name as entry element ਸਾਹਿਤ -- ਪੰਜਾਬੀ
9 (RLIN) 141952
650 ## - SUBJECT ADDED ENTRY--TOPICAL TERM
Topical term or geographic name as entry element literature -- Punjabi
9 (RLIN) 141953
650 ## - SUBJECT ADDED ENTRY--TOPICAL TERM
Topical term or geographic name as entry element Punjabi -- story
9 (RLIN) 141954
942 ## - ADDED ENTRY ELEMENTS (KOHA)
Source of classification or shelving scheme Dewey Decimal Classification
Koha item type Punjabi Bks
Classification part
Call number suffix ਚਾਵਲਾ
Holdings
Withdrawn status Lost status Damaged status Not for loan Home library Current library Date acquired Source of acquisition Cost, normal purchase price Total Checkouts Full call number Barcode Date last seen Copy number Cost, replacement price Price effective from Koha item type
        Central Library Central Library 11/01/2016 Cen Lib/Ret 100.00   ਕ ਚਾਵਲਾ A-978242 11/01/2016 1 100.00 15/09/2016 Punjabi Bks

© Delhi Public Library
Hit Counter
free hit counter